|
|
|
|
| LEADER |
00705cam a2200229 7i4500 |
| 001 |
0000036063 |
| 005 |
20190731090000.0 |
| 007 |
##ta |
| 008 |
190731s2010 nyua b 001 0 eng d |
| 020 |
# |
# |
|a 9781608765904
|
| 040 |
# |
# |
|a MATR
|
| 090 |
0 |
0 |
|a B 153.852
|b PSY
|
| 245 |
0 |
0 |
|a Psychology of Persuasion
|c Janos Csapo and Andor Magyar, editors.
|
| 264 |
# |
1 |
|a Hauppauge, N.Y.:
|b Nova Science,
|c 2010.
|
| 300 |
# |
# |
|a xii, 191 pages:
|b illustrations;
|c 23 cm.
|
| 336 |
# |
# |
|a text
|2 rdacontent
|
| 337 |
# |
# |
|a unmediated
|2 rdamedia
|
| 338 |
# |
# |
|a volume
|2 rdacarrier
|
| 650 |
# |
0 |
|a Persuasion (Psychology)
|
| 700 |
1 |
# |
|a Csapo, Janos
|
| 700 |
1 |
# |
|a Magyar, Andor
|
| 999 |
|
|
|a 0000040761
|b Book
|c Book
|e Business Information Centre
|